| 000 | 00694nam a2200193Ii 4500 | ||
|---|---|---|---|
| 003 | JO-AjNU | ||
| 008 | 230605s9999||||xx |||||||||||||| ||und|| | ||
| 040 |
_aJO-AjNU _bara _erda _cJO-AjNU |
||
| 041 | _aara | ||
| 050 | 1 | 4 | _aZ693.B3622 1996 |
| 100 | 3 |
_aالبنا ، احمد عبد الجواد/مراجعة موسى نوفل ؛, _eauthor _98862 |
|
| 245 | 0 | 0 | _aالفهرسة البطاقات كتاب منهجي تطبيقي لامناء المكتبات |
| 264 | 3 | 1 | _aعمان : المؤلف ، 1996 |
| 300 | _a95ص | ||
| 336 |
_atext _btxt _2rdacontent |
||
| 337 |
_aunmediated _bn _2rdamedia |
||
| 338 |
_avolume _bnc _2rdacarrier |
||
| 650 | 4 |
_aمكتبات-فهرسة- بطاقات _98863 |
|
| 999 |
_aA1005 _c4573 _d4573 |
||